Jednotná profesijná príprava zváračov : Súbor testových otázok k príprave na teoretickú skúšku základného kurzu zvárania v ochrannej atmosfére CO 2-taviacou sa elektródou Z-M 1 /
Salvato in:
| Autore principale: | |
|---|---|
| Natura: | Libro |
| Lingua: | slovacco |
| Pubblicazione: |
Ostrava :
Hutnícky inštitút,
1990
|
| Soggetti: | |
| Tags: |
Nessun Tag, puoi essere il primo ad aggiungerne!!
|
MARC
| LEADER | 00000nam a22000003a 4500 | ||
|---|---|---|---|
| 001 | stu35024 | ||
| 005 | 20150617225731.0 | ||
| 008 | 920403s1990----cs------------------slo-d | ||
| 040 | |a STU |b slo | ||
| 041 | 0 | |a slo | |
| 044 | |a cs | ||
| 080 | |a 621.791(079) | ||
| 100 | 1 | |a Bureš, Vojtěch |4 aut | |
| 245 | 1 | |a Jednotná profesijná príprava zváračov : |b Súbor testových otázok k príprave na teoretickú skúšku základného kurzu zvárania v ochrannej atmosfére CO 2-taviacou sa elektródou Z-M 1 / |c [aut.]Vojtěch Bureš | |
| 260 | |a Ostrava : |b Hutnícky inštitút, |c 1990 | ||
| 300 | |a 32 s | ||
| 650 | 7 | |a zváranie |2 stusub | |
| 650 | 7 | |a testy |2 stusub | |
| 996 | |b 284M021771 |c M*7540/3-1 |l MMKN |s A |a 24 |w stu35024_0001 | ||
| 996 | |b 284M021772 |c M*7540/3-2 |l MMKN |s A |a 24 |w stu35024_0002 | ||